Sports Quiz

Random Sports or Basketball Quiz

How'd You Get to the Final Four? Quiz Stats

Quiz Updated Jun 26, 2017

Challenge
Share
Tweet
Embed
Score 0/22 Timer 07:00
1 Play Today
Year College % Correct
2014Kentucky
87.5%
2014Connecticut
83.9%
1978Duke
82.3%
2011Connecticut
80.8%
1992Michigan
74.9%
2016Syracuse
72.7%
1994Florida
67%
2003Syracuse
65.3%
2017South Carolina
58.6%
1986Louisville
56.1%
1999Ohio State
54.7%
Year College % Correct
2006George Mason
53.6%
2011VCU
52.2%
1983Georgia
49.2%
2004Georgia Tech
43%
1979Indiana State
39.9%
1981Virginia
38.4%
1997Minnesota
35.4%
1992Cincinnati
30.3%
1980Purdue
29.6%
1987Providence
26.4%
1977Charlotte
7.8%

You're not logged in!

Compare scores with friends on all Sporcle quizzes.
Sign Up with Email
OR
Log In

You Might Also Like...

Show Comments

Extras

Top Quizzes Today


Score Distribution

Your Account Isn't Verified!

In order to create a playlist on Sporcle, you need to verify the email address you used during registration. Go to your Sporcle Settings to finish the process.